[Event "ICS rated standard match"]
[Site "204.178.125.65"]
[Date "2000.02.02"]
[Round "?"]
[White "PostModernist"]
[Black "Hossa"]
[Result "1-0"]
[WhiteElo "2452"]
[BlackElo "2193"]
[PlyCount "195"]

1. d4 Nf6 2. c4 e6 3. Nf3 b6 4. a3 Bb7 5. Nc3 d5 6. cxd5 Nxd5 7. e3 Be7 8. Bb5+
c6 9. Bd3 c5 10. e4 cxd4 11. Ne2 Nf6 12. e5 Ng4 13. Nexd4 Qd5 14. Bf4 Nd7 15.
Bb5 Bc5 16. O-O a6 17. Bxd7+ Qxd7 18. Nb3 Rd8 19. Qxd7+ Rxd7 20. Nxc5 bxc5 21.
Rac1 f6 22. Rxc5 O-O 23. exf6 Bxf3 24. gxf3 Nxf6 25. Rc6 Rb7 26. Rxa6 Rxb2 27.
Rxe6 Ra2 28. Bd6 Rc8 29. Re5 h6 30. Kg2 Rcc2 31. h4 Rcb2 32. Kg3 g6 33. Re6
Nh5+ 34. Kg4 Kf7 35. Rfe1 Rb7 36. R6e2 Rxe2 37. Rxe2 Rb1 38. Re7+ Kf6 39. Re4
Rg1+ 40. Kh3 Kf5 41. a4 Rf1 42. Kg2 Ra1 43. Bc7 Rc1 44. Bb6 Rc2 45. Be3 Nf6 46.
Rd4 Ke5 47. Rb4 Ke6 48. Bxh6 Ra2 49. Rd4 Ke5 50. Be3 Ke6 51. Kg3 Ke5 52. Rb4
Ke6 53. Rc4 Ne8 54. Kg4 Nd6 55. Rd4 Nf7 56. Re4+ Kd5 57. h5 gxh5+ 58. Kxh5 Ne5
59. Rd4+ Ke6 60. f4 Nc6 61. Re4+ Kd5 62. f3 Rh2+ 63. Kg4 Rg2+ 64. Kh4 Rg8 65.
Bb6 Kd6 66. Bd4 Nxd4 67. Rxd4+ Ke6 68. a5 Kf5 69. Ra4 Rg6 70. Kh3 Rh6+ 71. Kg2
Rg6+ 72. Kf2 Ra6 73. Ke2 Kg6 74. Kd2 Kf5 75. Kd3 Kg6 76. Kc4 Rf6 77. Kd5 Ra6
78. Kc5 Kf5 79. Kb5 Ra7 80. a6 Kg6 81. Kb6 Rf7 82. a7 Rf6+ 83. Kc7 Rf7+ 84. Kd6
Rf6+ 85. Ke5 Rf5+ 86. Ke4 Rf8 87. a8=Q Rxa8 88. Rxa8 Kf6 89. Ra6+ Ke7 90. Kd5
Kf7 91. Ke5 Ke7 92. Ra7+ Kd8 93. Ke6 Kc8 94. f5 Kd8 95. f6 Kc8 96. f7 Kb8 97.
Re7 Kc8 98. f8=Q# 1-0

[Event "ICS rated blitz match"]
[Site "204.178.125.65"]
[Date "2000.02.02"]
[Round "?"]
[White "joejan"]
[Black "Hossa"]
[Result "1/2-1/2"]
[WhiteElo "2293"]
[BlackElo "2405"]
[PlyCount "98"]

1. e4 e5 2. Nf3 Nc6 3. Bb5 Nf6 4. Nc3 a6 5. Bxc6 dxc6 6. Nxe5 Nxe4 7. Nxe4 Qd4
8. Qe2 Qxe5 9. d4 Qe6 10. O-O f5 11. Ng3 Qxe2 12. Nxe2 Bd6 13. Re1 O-O 14. Bf4
Re8 15. Bxd6 cxd6 16. f4 Be6 17. b3 Re7 18. Ng3 Rae8 19. Kf2 g6 20. Re2 Kf7 21.
Rae1 b5 22. a3 c5 23. dxc5 dxc5 24. Nf1 h6 25. Nd2 Bd5 26. g3 Rxe2+ 27. Rxe2
Rxe2+ 28. Kxe2 Ke6 29. c4 Bc6 30. Kd3 Kd6 31. Ke3 h5 32. h4 Ke6 33. Kd3 Kf6 34.
Ke3 Ke6 35. Kd3 Kf6 36. Nf1 bxc4+ 37. bxc4 a5 38. Ne3 Ke6 39. Kc3 Kd6 40. Nd1
Bf3 41. Nf2 Be2 42. Nh3 a4 43. Ng5 Ke7 44. Nh3 Ke6 45. Ng5+ Kf6 46. Nh3 Bf3 47.
Nf2 Be2 48. Nh3 Bf3 49. Nf2 Be2 1/2-1/2

[Event "ICS rated blitz match"]
[Site "204.178.125.65"]
[Date "2000.02.02"]
[Round "?"]
[White "Hossa"]
[Black "Slivovitz"]
[Result "1-0"]
[WhiteElo "2400"]
[BlackElo "2215"]
[PlyCount "68"]

1. e4 e5 2. Nf3 Nc6 3. Bb5 Nf6 4. O-O Nxe4 5. Re1 Nd6 6. Nxe5 Be7 7. Bxc6 dxc6
8. Qe2 Be6 9. a4 O-O 10. Nxf7 Rxf7 11. Qxe6 Nf5 12. Qc4 Bd6 13. Nc3 Qh4 14.
Qxh4 Nxh4 15. d3 Raf8 16. Be3 Nf5 17. Re2 a5 18. Ne4 Nxe3 19. Rxe3 h6 20. Rae1
Bf4 21. R3e2 b6 22. f3 Be5 23. c3 Bd6 24. Nxd6 cxd6 25. Re6 Rd7 26. Kf2 Rf5 27.
Re8+ Kh7 28. Rb8 b5 29. axb5 cxb5 30. Ree8 a4 31. Ke3 Rc5 32. d4 Rd5 33. g4 Rc7
34. Ke4 Rg5 1-0

[Event "ICS rated blitz match"]
[Site "204.178.125.65"]
[Date "2000.02.02"]
[Round "?"]
[White "Slivovitz"]
[Black "Hossa"]
[Result "0-1"]
[WhiteElo "2207"]
[BlackElo "2408"]
[PlyCount "64"]

1. e4 e5 2. Nf3 Nc6 3. Bc4 Bc5 4. d3 Nf6 5. Nc3 O-O 6. a3 d6 7. Bg5 h6 8. Bh4
Be6 9. Nd5 g5 10. Nxg5 Bxd5 11. exd5 hxg5 12. Bxg5 Na5 13. Ba2 b6 14. O-O Nb7
15. c3 b5 16. Kh1 Re8 17. f4 e4 18. d4 Bb6 19. Qe1 Kg7 20. Qh4 Rh8 21. Qf2 Ng4
22. Qg3 Rxh2+ 23. Kg1 Qh8 24. Qxg4 Kf8 25. Rae1 Qh7 26. f5 Re8 27. Rxe4 Re5 28.
Rxe5 dxe5 29. Qe4 Rh5 30. Bf6 Nc5 31. Qxe5 Rh1+ 32. Kf2 Nd3+ 0-1

[Event "ICS rated blitz match"]
[Site "204.178.125.65"]
[Date "2000.02.02"]
[Round "?"]
[White "Hossa"]
[Black "Slivovitz"]
[Result "1/2-1/2"]
[WhiteElo "2416"]
[BlackElo "2199"]
[PlyCount "167"]

1. e4 e5 2. Nf3 Nc6 3. Bb5 Nf6 4. O-O Nxe4 5. Re1 Nd6 6. Nxe5 Nxe5 7. Rxe5+ Be7
8. Ba4 O-O 9. d4 Bf6 10. Re1 Nf5 11. c3 d5 12. Qf3 c6 13. Bf4 Nd6 14. Bc2 Be6
15. Nd2 Qd7 16. Qh5 g6 17. Qf3 Bg7 18. Re3 Rfe8 19. Rae1 Nf5 20. R3e2 Nd6 21.
Bd1 Bf5 22. Bxd6 Rxe2 23. Qxe2 Qxd6 24. Qe7 Qd7 25. Nf3 Bf8 26. Qe3 Bd6 27. Ba4
Be4 28. Ng5 Bf5 29. Bb3 h6 30. Nf3 Kg7 31. Qe2 Bg4 32. Bc2 Bxf3 33. Qxf3 Re8
34. Re3 Rxe3 35. Qxe3 Qe6 36. Qxe6 fxe6 37. g3 g5 38. Kg2 e5 39. dxe5 Bxe5 40.
Kf3 h5 41. Ke3 Bc7 42. f4 gxf4+ 43. gxf4 Kf6 44. Kf3 Bb6 45. f5 Kg5 46. Bd3 Bc7
47. h3 Be5 48. Ke3 c5 49. Kd2 Kf4 50. a4 Kg3 51. Be2 h4 52. Bg4 Kf2 53. Kd3 Bf6
54. Be2 b6 55. Bg4 a5 56. Kd2 Kg3 57. Kd1 Kf4 58. Ke2 Ke4 59. Bf3+ Ke5 60. Bg4
d4 61. Kd3 dxc3 62. bxc3 Kd5 63. c4+ Ke5 64. Kc3 Kf4+ 65. Kd3 Bd4 66. Kd2 Ke4
67. Ke2 Kf4 68. Kd1 Ke3 69. Kc2 Ke4 70. Kb3 Kd3 71. Bf3 Kd2 72. Bh5 Kd3 73. Bg6
Ke3 74. Bh5 Kf4 75. Bg4 Ke3 76. Ka2 Kd2 77. Kb3 Kc1 78. Bh5 Kd2 79. Be8 Ke3 80.
Bh5 Kd2 81. Be8 Kc1 82. Bd7 Kd2 83. Be8 Ke3 84. Bh5 1/2-1/2

[Event "ICS rated blitz match"]
[Site "204.178.125.65"]
[Date "2000.02.02"]
[Round "?"]
[White "PostModernist"]
[Black "Hossa"]
[Result "1-0"]
[WhiteElo "2461"]
[BlackElo "2407"]
[PlyCount "157"]

1. c4 e6 2. g3 d5 3. Nf3 Nf6 4. Bg2 Be7 5. O-O O-O 6. d4 dxc4 7. Ne5 c5 8. dxc5
Qc7 9. Nxc4 Qxc5 10. b3 Rd8 11. Nbd2 Nc6 12. Ba3 Nb4 13. e3 Qg5 14. Qf3 Qg6 15.
Rfd1 Qc2 16. Bxb4 Bxb4 17. Ne4 Rxd1+ 18. Qxd1 Qxd1+ 19. Rxd1 Nd5 20. Ned6 Nc3
21. Rd2 Nd5 22. Rd3 Nc3 23. Nxc8 Rxc8 24. a3 Be7 25. Bxb7 Ne2+ 26. Kf1 Rc7 27.
Ba6 Nc1 28. Rc3 Bxa3 29. b4 Na2 30. Rxa3 Nxb4 31. Bb5 f5 32. Rb3 Nd5 33. Bc6
Nb6 34. Ne5 Kf8 35. f4 Ke7 36. Ke2 Kd6 37. Rc3 a5 38. Kf3 a4 39. Rd3+ Ke7 40.
e4 h5 41. h3 Ra7 42. exf5 exf5 43. Bd5 Rc7 44. Bf7 h4 45. Bg6 Ke6 46. g4 fxg4+
47. Kxg4 Rc1 48. Kxh4 Rc8 49. Bf7+ Ke7 50. Kg5 Rc1 51. Kg6 Rg1+ 52. Ng4 Rf1 53.
Rd4 a3 54. Kxg7 Nc8 55. Ne5 Nd6 56. Ng6+ Kd7 57. Rd3 Ra1 58. Kf6 Kc7 59. Bd5 a2
60. Ra3 Ne8+ 61. Kf7 Nd6+ 62. Kg7 Nf5+ 63. Kf6 Rf1 64. Bxa2 Nd6 65. Rc3+ Kb6
66. Bd5 Nb5 67. Rc2 Nc7 68. Bg2 Rg1 69. Ne7 Nb5 70. Bc6 Na3 71. Nd5+ Ka6 72.
Rc3 Ra1 73. Rb3 Ka7 74. Rb7+ Ka6 75. Rb8 Nb5 76. Rxb5 Ka7 77. Rb7+ Ka6 78. Rb8
Rf1 79. Ra8# 1-0

[Event "ICS rated blitz match"]
[Site "204.178.125.65"]
[Date "2000.02.02"]
[Round "?"]
[White "Hossa"]
[Black "PostModernist"]
[Result "0-1"]
[WhiteElo "2393"]
[BlackElo "2475"]
[PlyCount "84"]

1. c4 e6 2. g3 Nf6 3. Nc3 d5 4. cxd5 exd5 5. Qa4+ Nc6 6. d4 Bb4 7. Bg5 h6 8.
Bd2 Qe7 9. Nf3 O-O 10. O-O-O Bg4 11. Be3 Bxc3 12. bxc3 Bf5 13. Kb2 Ng4 14. Qb5
Rfd8 15. h3 Nxe3 16. fxe3 Qxe3 17. g4 Be4 18. Rh2 a6 19. Qc5 Bxf3 20. exf3 Qxf3
21. Rhd2 Qe4 22. Re2 Qg6 23. Rde1 b6 24. Qa3 Qf6 25. Bg2 Na5 26. Qe7 Qc6 27.
Qb4 Nc4+ 28. Kc1 a5 29. Qb3 Qg6 30. Qa4 Qg5+ 31. Kc2 b5 32. Qb3 a4 33. Qb4 Qg6+
34. Kc1 c6 35. Qe7 b4 36. cxb4 Qd3 37. Rf1 Qc3+ 38. Kd1 Qa1+ 39. Kc2 Qxa2+ 40.
Kc1 Qa1+ 41. Kc2 Qb2+ 42. Kd3 Qb3# 0-1

[Event "ICS rated blitz match"]
[Site "204.178.125.65"]
[Date "2000.02.02"]
[Round "?"]
[White "Slivovitz"]
[Black "Hossa"]
[Result "0-1"]
[WhiteElo "2205"]
[BlackElo "2381"]
[PlyCount "64"]

1. e4 e5 2. Nf3 Nc6 3. Bc4 Bc5 4. Nc3 Nf6 5. d3 O-O 6. a3 d6 7. Bg5 h6 8. Bh4
Be6 9. Nd5 g5 10. Nxg5 Bxd5 11. exd5 hxg5 12. Bxg5 Na5 13. Ba2 c6 14. b4 Bd4
15. Rb1 cxd5 16. bxa5 Qxa5+ 17. Kf1 e4 18. dxe4 dxe4 19. Qxd4 Qxg5 20. h4 Qf4
21. g3 Qf3 22. Rg1 Rae8 23. Rb3 e3 24. Rxe3 Rxe3 25. Qxe3 Qxe3 26. fxe3 Rc8 27.
Bb3 Rc3 28. Ke2 Ng4 29. Rf1 Rxe3+ 30. Kd2 Rxg3 31. Rxf7 Rxb3 32. cxb3 Kxf7 0-1

[Event "ICS rated blitz match"]
[Site "204.178.125.65"]
[Date "2000.02.02"]
[Round "?"]
[White "Hossa"]
[Black "Slivovitz"]
[Result "1-0"]
[WhiteElo "2390"]
[BlackElo "2196"]
[PlyCount "122"]

1. e4 e5 2. Nf3 Nc6 3. Bb5 Nf6 4. O-O Nxe4 5. Re1 Nd6 6. Nxe5 Nxe5 7. Rxe5+ Be7
8. Ba4 O-O 9. d4 Bf6 10. Re1 Nf5 11. c3 d5 12. Qf3 c6 13. Bf4 Nh4 14. Qe2 Ng6
15. Bd2 Bd7 16. Qh5 Re8 17. Rxe8+ Qxe8 18. Na3 Qe6 19. Re1 Qf5 20. Qxf5 Bxf5
21. Bc2 Bxc2 22. Nxc2 Kf8 23. a4 Re8 24. Rxe8+ Kxe8 25. f4 Kd7 26. g4 Bd8 27.
Kf2 Bc7 28. Kf3 Ne7 29. b3 Nc8 30. Ne3 Nd6 31. c4 dxc4 32. bxc4 Nc8 33. h4 Nb6
34. a5 Nc8 35. Bc3 g6 36. g5 Nd6 37. Bb4 Nf5 38. Nxf5 gxf5 39. Bc3 Ke6 40. Bd2
Bd6 41. h5 Bf8 42. Bc3 b6 43. axb6 axb6 44. Ke3 b5 45. d5+ cxd5 46. cxb5 Bc5+
47. Bd4 Bd6 48. h6 Kd7 49. Kf3 Kc8 50. Bb6 Kb7 51. Bf2 Bb4 52. Ke2 Ba3 53. Bd4
Bc1 54. Be3 Bb2 55. Kd3 Kc7 56. Kc2 Ba1 57. Bc5 Kb7 58. Kd3 Bb2 59. Bd4 Bc1 60.
Be5 Kb6 61. Kd4 Kxb5 1-0

[Event "ICS rated blitz match"]
[Site "204.178.125.65"]
[Date "2000.02.02"]
[Round "?"]
[White "Slivovitz"]
[Black "Hossa"]
[Result "0-1"]
[WhiteElo "2188"]
[BlackElo "2398"]
[PlyCount "48"]

1. e4 e5 2. Nf3 Nc6 3. Bc4 Bc5 4. Nc3 Nf6 5. d3 O-O 6. a3 d6 7. Bg5 h6 8. Bh4
Be6 9. Nd5 g5 10. Nxg5 Bxd5 11. exd5 hxg5 12. Bxg5 Na5 13. Ba2 c6 14. b4 Bd4
15. Rb1 cxd5 16. bxa5 Qxa5+ 17. Kf1 e4 18. dxe4 dxe4 19. Qxd4 Qxg5 20. h4 Qf4
21. Rh3 Rac8 22. Bb3 Ng4 23. Rg3 Rc5 24. Bc4 Rxc4 0-1

[Event "ICS rated standard match"]
[Site "204.178.125.65"]
[Date "2000.02.02"]
[Round "?"]
[White "Hossa"]
[Black "Eric2k"]
[Result "1-0"]
[WhiteElo "2187"]
[BlackElo "1897"]
[PlyCount "125"]

1. e4 e5 2. Nf3 Nc6 3. Bb5 Nd4 4. Nxd4 exd4 5. O-O a6 6. Bc4 g6 7. d3 Bg7 8.
Qf3 Qf6 9. Qg3 d6 10. Bg5 Qe5 11. Qh4 h6 12. Bf4 Qc5 13. Bd2 b5 14. b4 Qb6 15.
Bb3 Be6 16. Bxe6 fxe6 17. Rc1 g5 18. Qh5+ Ke7 19. Qg6 Bf6 20. c4 e5 21. c5 Qb8
22. cxd6+ cxd6 23. f3 Qe8 24. Rc7+ Kd8 25. Rf7 Ra7 26. Rxf6 Nxf6 27. Qxf6+ Kc7
28. Na3 Qf8 29. Qe6 Kb6 30. Nb1 Qe7 31. Qg6 Rc7 32. a4 Rc6 33. axb5 axb5 34.
Ra5 Rc2 35. Rxb5+ Kxb5 36. Na3+ Ka4 37. Nxc2 Kb3 38. Ne1 Ka4 39. Kf2 Kb3 40. g3
Ka4 41. Ke2 Kb3 42. h3 Ka4 43. f4 gxf4 44. gxf4 Kb3 45. f5 Qh4 46. Qf7+ Kb2 47.
Qg7 Rb8 48. Qxh6 Qxh6 49. Bxh6 Rxb4 50. h4 Kc3 51. Bd2+ Kb3 52. Bxb4 Kxb4 53.
f6 Kc5 54. f7 d5 55. f8=Q+ Kc6 56. Qf6+ Kc5 57. Qg6 dxe4 58. Qxe4 Kd6 59. h5
Ke6 60. h6 Kf6 61. Qc6+ Kf7 62. Qd7+ Kg8 63. Qg7# 1-0

[Event "ICS rated blitz match"]
[Site "204.178.125.65"]
[Date "2000.02.02"]
[Round "?"]
[White "Hossa"]
[Black "MissSilicon"]
[Result "0-1"]
[WhiteElo "2405"]
[BlackElo "2550"]
[PlyCount "120"]

1. e4 Nf6 2. Bc4 e5 3. Nf3 Nxe4 4. Nxe5 d5 5. Qe2 Bc5 6. Nc3 Bxf2+ 7. Kf1 Nxc3
8. Bb5+ c6 9. bxc3 O-O 10. Qxf2 Qd6 11. Nxc6 Nxc6 12. d4 Re8 13. Qf4 Qxf4+ 14.
Bxf4 Re4 15. Bg3 Bg4 16. Bd3 Re7 17. Kf2 Rae8 18. Rae1 Re6 19. h3 Rf6+ 20. Bf4
Rxf4+ 21. Kg3 Rxe1 22. Rxe1 g5 23. Re8+ Kg7 24. hxg4 Rf6 25. Bf5 h6 26. Rc8 Rd6
27. Rc7 Nd8 28. Kf2 Kf6 29. a4 Rc6 30. Rd7 Ne6 31. Rxd5 Rxc3 32. Rd7 h5 33.
Bxe6 Kxe6 34. Rxb7 Rxc2+ 35. Kf1 hxg4 36. Rxa7 Rc4 37. Ra6+ Kf5 38. d5 Ke5 39.
d6 Rd4 40. a5 Rxd6 41. Rxd6 Kxd6 42. Kf2 f5 43. Kg3 Kc6 44. Kf2 Kb5 45. Ke3
Kxa5 46. Kd4 f4 47. Ke4 g3 48. Kf3 Kb4 49. Ke4 Kc4 50. Kf3 Kd3 51. Kg4 Ke3 52.
Kf5 f3 53. Kf6 fxg2 54. Kf7 g1=Q 55. Ke6 Ke4 56. Kd7 Qa7+ 57. Kc6 g2 58. Kb5
g1=Q 59. Kb4 Qab6+ 60. Kc4 Qgd4# 0-1

[Event "ICS rated blitz match"]
[Site "204.178.125.65"]
[Date "2000.02.03"]
[Round "?"]
[White "PostModernist"]
[Black "Hossa"]
[Result "1/2-1/2"]
[WhiteElo "2479"]
[BlackElo "2395"]
[PlyCount "74"]

1. b4 e5 2. Bb2 Bxb4 3. f4 d6 4. e3 Qh4+ 5. g3 Qe7 6. Nf3 f6 7. fxe5 fxe5 8.
Bc3 Nc6 9. Bb5 Bxc3 10. Bxc6+ bxc6 11. Nxc3 Nf6 12. Qe2 Bg4 13. Qg2 O-O 14. O-O
Nd5 15. Nxd5 cxd5 16. Rab1 c5 17. d3 g6 18. a4 e4 19. Nd2 Qd7 20. a5 Bh3 21.
Rxf8+ Rxf8 22. Qe2 exd3 23. Qxd3 Qf7 24. Kh1 c4 25. Qd4 c3 26. Qxc3 Qf2 27. Rg1
Rc8 28. Qd4 Rc5 29. a6 Rxc2 30. Qxd5+ Qf7 31. Qxd6 Rxd2 32. Qxd2 Qf3+ 33. Rg2
Qf1+ 34. Rg1 Qf3+ 35. Rg2 Qf1+ 36. Rg1 Qf3+ 37. Rg2 Qf1+ 1/2-1/2

[Event "ICS rated standard match"]
[Site "204.178.125.65"]
[Date "2000.02.03"]
[Round "?"]
[White "paravion"]
[Black "Hossa"]
[Result "1/2-1/2"]
[WhiteElo "1883"]
[BlackElo "2190"]
[PlyCount "100"]

1. c4 e6 2. Nc3 d5 3. d4 Nf6 4. Nf3 Be7 5. Bf4 Nh5 6. Bd2 O-O 7. e4 dxe4 8.
Nxe4 Nf6 9. Bd3 c5 10. Bc3 cxd4 11. Nxd4 Nxe4 12. Bxe4 Nd7 13. O-O Nf6 14. Bf3
e5 15. Nb5 e4 16. Qxd8 Bxd8 17. Be2 Bb6 18. Nd6 Rd8 19. Nxc8 Raxc8 20. Rad1 e3
21. f3 Rxd1 22. Rxd1 Rxc4 23. Kf1 Rc6 24. Bb5 Rc5 25. a4 Rh5 26. h3 Rd5 27. Ke2
Rxd1 28. Kxd1 Nd5 29. Be1 Bd4 30. Kc2 h5 31. g3 Kf8 32. b3 Nc7 33. Bb4+ Kg8 34.
Bc4 a6 35. Kd3 Bb6 36. Bd6 g5 37. g4 hxg4 38. hxg4 Kg7 39. Bxc7 Bxc7 40. Kxe3
a5 41. Ke4 Kf6 42. Bd5 b6 43. Bc4 Bf4 44. Bd5 Bg3 45. Bc4 Kg7 46. Kf5 Bf4 47.
Bd5 Be3 48. Bc4 Bf4 49. Bd5 Bc1 50. Bc4 Bf4 1/2-1/2

[Event "ICS rated standard match"]
[Site "204.178.125.65"]
[Date "2000.02.03"]
[Round "?"]
[White "Hossa"]
[Black "Seventhson"]
[Result "1-0"]
[WhiteElo "2179"]
[BlackElo "1837"]
[PlyCount "61"]

1. d4 d5 2. c4 e6 3. Nc3 Nf6 4. Bg5 Be7 5. e3 O-O 6. Rc1 c6 7. Bd3 h6 8. Bh4
dxc4 9. Bxc4 Nd5 10. Bxe7 Qxe7 11. Nf3 Nd7 12. O-O N7b6 13. Ne2 Nxc4 14. Rxc4
Nb6 15. Rc1 Qb4 16. Qc2 Na4 17. b3 Nb6 18. Ne5 Nd7 19. Nxd7 Bxd7 20. e4 Qd6 21.
Qc3 f5 22. f3 Rae8 23. Qa5 a6 24. e5 Qe7 25. Nf4 Kh7 26. Qc7 Bc8 27. Qb8 Rd8
28. Rfd1 g5 29. Nh5 Qb4 30. Nf6+ Kh8 31. Qc7 1-0

[Event "ICS rated blitz match"]
[Site "204.178.125.65"]
[Date "2000.02.03"]
[Round "?"]
[White "Hossa"]
[Black "MissSilicon"]
[Result "0-1"]
[WhiteElo "2399"]
[BlackElo "2497"]
[PlyCount "158"]

1. e4 c5 2. Nf3 e6 3. c3 d5 4. e5 Nc6 5. d4 Nge7 6. Bd3 cxd4 7. cxd4 Nf5 8.
Bxf5 Bb4+ 9. Bd2 Bxd2+ 10. Qxd2 exf5 11. O-O O-O 12. Nc3 b6 13. Rfc1 Ba6 14.
Qf4 Qd7 15. g3 Rac8 16. b3 Rc7 17. Ng5 Nb4 18. Na4 Rxc1+ 19. Qxc1 Rc8 20. Qd2
Qb5 21. Nc3 Qd3 22. Qxd3 Bxd3 23. Rc1 Bc2 24. a3 Rxc3 25. axb4 h6 26. Nh3 g5
27. f3 f6 28. e6 b5 29. Kg2 Kf8 30. Kf2 Rc6 31. Ra1 a6 32. Rc1 Ke7 33. Ke3
Rxe6+ 34. Kd2 Bxb3 35. Rc7+ Kf8 36. Ng1 Ba2 37. h3 Kg8 38. g4 fxg4 39. hxg4 Bc4
40. Ra7 Kh8 41. Rb7 Rc6 42. Rd7 Bb3 43. Ne2 Rc2+ 44. Kd3 Ra2 45. Rd8+ Kh7 46.
Rd7+ Kg8 47. Ng3 Bc4+ 48. Kc3 Ra3+ 49. Kd2 Rxf3 50. Nf5 h5 51. Nh6+ Kf8 52.
Rf7+ Ke8 53. gxh5 Rf2+ 54. Kc3 Be2 55. Ra7 Bxh5 56. Ra8+ Ke7 57. Ra7+ Kf8 58.
Rd7 g4 59. Nxg4 Bxg4 60. Rxd5 Rf3+ 61. Kc2 Ke7 62. Kb2 Be6 63. Rc5 Rd3 64. Rc7+
Kd6 65. Ra7 Rb3+ 66. Kc2 Rxb4 67. Rxa6+ Kd5 68. Rb6 f5 69. Kc1 f4 70. Rb8 f3
71. Rf8 Ke4 72. Rf6 Bf5 73. d5 f2 74. Rxf5 Kxf5 75. Kd2 f1=Q 76. d6 Rb2+ 77.
Kc3 Qc1+ 78. Kd4 Rd2+ 79. Ke3 Qc3# 0-1

[Event "ICS Rated standard match"]
[Site "204.178.125.65"]
[Date "2000.02.03"]
[Round "?"]
[White "RussianIvan"]
[Black "Hossa"]
[Result "0-1"]
[WhiteElo "2100"]
[BlackElo "2180"]
[PlyCount "56"]

1. e4 e5 2. Nf3 Nc6 3. Bb5 Nf6 4. O-O Bc5 5. Qe2 d6 6. c3 O-O 7. h3 Be6 8. Rd1
Bb6 9. d4 exd4 10. cxd4 d5 11. e5 Ne4 12. Nc3 Bf5 13. Be3 Ne7 14. Rac1 c6 15.
Bd3 Nxc3 16. Rxc3 Qd7 17. Bg5 Rae8 18. Bxe7 Rxe7 19. Nh4 Bxd3 20. Rcxd3 f6 21.
Re3 fxe5 22. Rxe5 Rxe5 23. Qxe5 Qf7 24. Nf3 Re8 25. Qg5 Re2 26. Rd2 Re4 27. h4
Bc7 28. Kf1 h6 0-1

[Event "ICS rated standard match"]
[Site "204.178.125.65"]
[Date "2000.02.03"]
[Round "?"]
[White "Hossa"]
[Black "Emchricas"]
[Result "1-0"]
[WhiteElo "2186"]
[BlackElo "1913"]
[PlyCount "79"]

1. d4 Nf6 2. c4 g6 3. Nc3 Bg7 4. e4 d6 5. f3 O-O 6. Be3 Nc6 7. Nge2 a6 8. Qd2
e5 9. dxe5 dxe5 10. O-O-O Be6 11. Nd5 b5 12. Qc3 Bxd5 13. cxd5 Ne7 14. Qxe5 Nd7
15. Qg5 h6 16. Qh4 g5 17. Qg3 c5 18. Qh3 Ne5 19. Kb1 Nc4 20. Bc1 Nc6 21. Qh5
Qf6 22. h4 Nb4 23. Nd4 cxd4 24. hxg5 Qb6 25. a3 a5 26. gxh6 Bf6 27. axb4 axb4
28. Bxc4 bxc4 29. e5 Ra1+ 30. Kxa1 Qa5+ 31. Kb1 b3 32. Bg5 Qa2+ 33. Kc1 Qa1+
34. Kd2 Qxb2+ 35. Ke1 Qc3+ 36. Kf1 Bxe5 37. h7+ Kh8 38. Qh6 Ra8 39. Bf6+ Bxf6
40. Qxf6# 1-0

[Event "ICS rated blitz match"]
[Site "204.178.125.65"]
[Date "2000.02.03"]
[Round "?"]
[White "PostModernist"]
[Black "Hossa"]
[Result "1-0"]
[WhiteElo "2483"]
[BlackElo "2387"]
[PlyCount "145"]

1. f4 d5 2. Nf3 g6 3. g3 Nf6 4. Bg2 Bg7 5. O-O c5 6. d3 O-O 7. Nc3 d4 8. Ne4
Nxe4 9. dxe4 Nc6 10. e5 f6 11. exf6 Rxf6 12. e4 Bg4 13. e5 Rf7 14. Qd3 Bh6 15.
Qb5 Qb6 16. Qe2 Raf8 17. a3 e6 18. h3 Bxf3 19. Bxf3 Ne7 20. Rb1 Nf5 21. Qf2 Bg7
22. Bd2 Ne7 23. Qg2 Nc6 24. Bg4 Nd8 25. Rfd1 Qa6 26. h4 Qc4 27. Qe4 Qb5 28. h5
gxh5 29. Bxh5 Rc7 30. b4 Qa6 31. Ra1 Nc6 32. bxc5 Qc4 33. Bg4 Re7 34. Bb4 Nxb4
35. axb4 Qc3 36. Qd3 Qxb4 37. Qxd4 Qxd4+ 38. Rxd4 a6 39. c6 bxc6 40. Rxa6 Rc8
41. Rd7 Rce8 42. Rd6 h5 43. Bxh5 Rc8 44. Raxc6 Rxc6 45. Rxc6 Bh6 46. Be2 Bg7
47. Rc8+ Kh7 48. Bd3+ Kh6 49. g4 Bxe5 50. fxe5 Kg5 51. Rc4 Ra7 52. Kf2 Ra1 53.
Ke3 Rg1 54. Be2 Rg3+ 55. Bf3 Rh3 56. Rc8 Kg6 57. Rc7 Rh8 58. Be4+ Kg5 59. Rg7+
Kh4 60. Kf4 Rf8+ 61. Bf5 Kh3 62. Kf3 Kh2 63. Kf2 Rh8 64. Rh7+ Rxh7 65. Bxh7 Kh3
66. Kf3 Kh2 67. g5 Kg1 68. Bd3 Kh2 69. g6 Kh3 70. g7 Kh4 71. g8=Q Kh5 72. Qg6+
Kh4 73. Qh6# 1-0

[Event "ICS rated blitz match"]
[Site "204.178.125.65"]
[Date "2000.02.03"]
[Round "?"]
[White "Beadle"]
[Black "Hossa"]
[Result "1-0"]
[WhiteElo "2579"]
[BlackElo "2375"]
[PlyCount "109"]

1. e4 c5 2. c3 Nf6 3. e5 Nd5 4. d4 Nc6 5. Bc4 Nb6 6. Bxf7+ Kxf7 7. dxc5 Nxe5 8.
f4 Nec4 9. cxb6 Qxb6 10. Qd5+ Qe6+ 11. Qxe6+ Kxe6 12. Nf3 d5 13. b3 Nd6 14. O-O
Kf5 15. Ne5 Ne4 16. c4 e6 17. Be3 Bd6 18. Nf7 Rf8 19. Nxd6+ Nxd6 20. cxd5 exd5
21. Nc3 Be6 22. Rfd1 Nf7 23. h3 h5 24. Rd3 g6 25. Re1 Rad8 26. Bxa7 Ra8 27. Bb6
d4 28. Nb5 Bc8 29. Rxd4 g5 30. Rf1 Kg6 31. fxg5 Ra6 32. Bc5 Rg8 33. h4 Rxa2 34.
Rdf4 Nxg5 35. hxg5 Kxg5 36. Be3 Kg6 37. Rf6+ Kh7 38. Rh6+ Kg7 39. Nd6 Rf8 40.
Rxf8 Kxf8 41. Rh8+ Ke7 42. Nxc8+ Kd7 43. Nb6+ Kc6 44. Rh6+ Kb5 45. Nd5 Rc2 46.
Rb6+ Ka5 47. Bc5 Rxc5 48. b4+ Ka4 49. bxc5 Ka3 50. Rxb7 Ka4 51. c6 h4 52. c7 h3
53. c8=R h2+ 54. Kxh2 Ka5 55. Ra8# 1-0

[Event "ICS rated blitz match"]
[Site "204.178.125.65"]
[Date "2000.02.03"]
[Round "?"]
[White "Beadle"]
[Black "Hossa"]
[Result "1-0"]
[WhiteElo "2596"]
[BlackElo "2364"]
[PlyCount "83"]

1. e4 e5 2. Nf3 Nc6 3. d4 exd4 4. Nxd4 Nf6 5. Nxc6 bxc6 6. Qd4 Bb7 7. Bg5 Be7
8. Nc3 c5 9. Qe5 O-O 10. Be3 Ng4 11. Qf4 Nxe3 12. Qxe3 Re8 13. O-O-O Rb8 14.
Bb5 c6 15. Bc4 d5 16. f3 d4 17. Qf2 Bg5+ 18. f4 Qf6 19. Ne2 Rxe4 20. Rhf1 Bh6
21. g4 g5 22. h4 gxh4 23. g5 Bxg5 24. Qg2 Rxf4 25. Nxf4 h3 26. Qh2 Qe5 27. Rde1
Qc7 28. Kb1 h6 29. Qg3 Ba8 30. Re4 h2 31. Qxh2 Rf8 32. Qh5 Kg7 33. Nh3 Be3 34.
Rxe3 dxe3 35. Rg1+ Kf6 36. Qh4+ Kf5 37. Rf1+ Qf4 38. Qxf4+ Kg6 39. Rg1+ Kh7 40.
Qf5+ Kh8 41. Qf6+ Kh7 42. Qg7# 1-0

[Event "ICS rated blitz match"]
[Site "204.178.125.65"]
[Date "2000.02.03"]
[Round "?"]
[White "Hossa"]
[Black "Enfatico"]
[Result "1-0"]
[WhiteElo "2357"]
[BlackElo "1974"]
[PlyCount "53"]

1. e4 c6 2. d4 d5 3. Nc3 dxe4 4. Nxe4 Nf6 5. Nxf6+ gxf6 6. Bd3 Bf5 7. Bxf5 Qa5+
8. Bd2 Qxf5 9. Ne2 e6 10. O-O h5 11. Re1 h4 12. c4 Nd7 13. Qb1 Qg4 14. h3 Qg7
15. Ba5 Bd6 16. Qe4 f5 17. Qf3 Rg8 18. b4 Nf6 19. b5 Ne4 20. bxc6 bxc6 21. Rad1
Ke7 22. Nc3 Nxc3 23. Bxc3 Rac8 24. d5 Qg5 25. dxc6 Rc7 26. Rxd6 Kxd6 27. Bb4#
1-0

[Event "ICS rated blitz match"]
[Site "204.178.125.65"]
[Date "2000.02.03"]
[Round "?"]
[White "Hossa"]
[Black "Compov"]
[Result "1-0"]
[WhiteElo "2347"]
[BlackElo "2009"]
[PlyCount "45"]

1. Nc3 c5 2. e4 Nc6 3. Nf3 e6 4. Bb5 d5 5. exd5 exd5 6. O-O Be7 7. Ne5 Bd7 8.
Bxc6 Bxc6 9. Nxc6 bxc6 10. Re1 Qd7 11. Qf3 Nf6 12. Qe2 Rb8 13. f3 Rb7 14. d3
O-O 15. Bg5 h6 16. Bh4 g5 17. Bf2 Bd6 18. Na4 d4 19. c3 dxc3 20. bxc3 Rd8 21.
Nxc5 Bxc5 22. Bxc5 Qxd3 23. Rad1 1-0

[Event "ICS rated blitz match"]
[Site "204.178.125.65"]
[Date "2000.02.03"]
[Round "?"]
[White "PostModernist"]
[Black "Hossa"]
[Result "1/2-1/2"]
[WhiteElo "2511"]
[BlackElo "2351"]
[PlyCount "112"]

1. e4 e5 2. Nf3 Nf6 3. Nc3 Bb4 4. Bc4 d6 5. d3 Bxc3+ 6. bxc3 O-O 7. a3 Be6 8.
Bxe6 fxe6 9. Rb1 b6 10. O-O Qd7 11. Bg5 Qa4 12. Bxf6 Rxf6 13. Qc1 Nd7 14. Rb4
Qa6 15. c4 Raf8 16. Re1 Rg6 17. Re3 Rg4 18. c3 c5 19. Rb1 Rgf4 20. Re1 g6 21.
Rb3 Qa4 22. Qd1 a6 23. Qc2 Kh8 24. Reb1 Qc6 25. Qd2 Kg8 26. Qe2 Qa8 27. Qe3 Qd8
28. a4 R8f7 29. R3b2 Qe7 30. d4 cxd4 31. cxd4 exd4 32. Qxd4 Rg4 33. h3 Rgf4 34.
Rxb6 Nxb6 35. Rxb6 Rxf3 36. gxf3 Qg5+ 37. Kf1 Qc1+ 38. Ke2 Qc2+ 39. Ke1 Qc1+
40. Qd1 Qc3+ 41. Kf1 Qxc4+ 42. Kg1 d5 43. Rxe6 dxe4 44. Re8+ Rf8 45. Rxf8+ Kxf8
46. fxe4 Qxe4 47. Qd6+ Qe7 48. Qxa6 Qg5+ 49. Kf1 Qc1+ 50. Ke2 Qc2+ 51. Kf3 Qf5+
52. Kg2 Qg5+ 53. Kh1 Qc1+ 54. Kg2 Qg5+ 55. Kh2 Qf4+ 56. Kg2 Qg5+ 1/2-1/2